000 00637nam a22002175a 4500
001 002580
003 armpunfd
005 20140612090709.0
008 121005s2010####xx############000#0#und#d
020 _a9789871732104
040 _aarmpunfd
_carmpunfd
080 _a349.2 SL 16
100 1 _aSlavin, Luis Pablo.
245 1 0 _aConvenios colectivos de trabajo :
_bConflictos de encuadramiento /
_cSlavin, Luis Pablo.
260 _aMar del Plata :
_bEdiciones Suarez,
_c2010.
300 _a201 p.
650 7 _aConvenios Colectivos de Trabajo
_2LEMB
650 7 _aDerecho laboral
_2LEMB
942 _cLB
_2cdu
945 _asa
_d2012-11-21
999 _c2471
_d232975